000 00614nam a2200205Ia 4500
005 20250923145104.0
008 008 250917s9999 xx 000 0 eng d
037 _aTextual
040 _aDSWL
_beng
_cDSWL
041 _aeng
_2eng
084 _aYX,A;5-P:f.23156, N67
_qDSWL
100 _aDandekar, Kumudini
_9831669
245 0 _aCommunication in family planning
_cby Kumudini Dandekar
260 _aBombay
_bAsia Publiing House
_c1967
300 _aviii,603 p.
365 _aINR
_b12
925 _g12
942 _cTEXL
_hYX,A;5-P:f.23156, N67
999 _c1446940
_d1446940